Taylor Swift - Devine la chanson sans indices #62 - Statistiques

Statistiques générales
  • Ce quiz a été pris 226 fois
  • Le résultat moyen est 397 sur 494
Statistiques - réponses
Réponse % Correct
a
99%
etc.etc.
99%
I
99%
You
98%
you
98%
oh
97%
Oh,
97%
Ooh,
97%
me
94%
me,
94%
The
94%
the
94%
We
93%
we
93%
your
92%
in
91%
In
91%
and
90%
And
90%
Are
89%
(Are
89%
to
89%
To
89%
it
88%
It
88%
on
88%
of
86%
be
85%
did
84%
so
84%
were
84%
When
84%
when
84%
"I'm
83%
was
83%
my
82%
too
80%
out
79%
out,
79%
Then
79%
(Then
79%
woods
79%
woods?
79%
woods?)
79%
at
78%
But
78%
all
74%
like
74%
now
74%
remember
74%
Remember
74%
up,
74%
up
74%
could
73%
Looking
73%
looking
73%
Baby,
70%
baby,
70%
clear
70%
sun
70%
yet?
70%
yet,
70%
yet?)
70%
came
69%
room
68%
soon?
68%
hospital
67%
us
67%
Twenty
66%
couldn't
64%
night
64%
take
64%
back
63%
(Back
63%
said
63%
thinking
63%
crying,
62%
just
62%
black
61%
from
61%
hit
61%
simple
61%
took
61%
white
61%
free"
60%
good
60%
seems
60%
started
60%
color
59%
screaming
59%
stitches
59%
world
59%
(Yeah)
58%
dance
56%
rest
56%
fall
55%
forget
55%
trees
55%
chance
54%
heat?
54%
neck
54%
turned
54%
apart
53%
couch
53%
decided,
53%
decided
53%
discovered
53%
discovered)
53%
Polaroid
53%
quite
53%
together
53%
together)
53%
monsters
52%
move
52%
stood
52%
lying
51%
brakes
49%
Last
49%
(Last
49%
flying,
48%
flying
48%
December
47%
December)
47%
walked
47%
setting
46%
Two
46%
hanging
45%
airplanes
43%
furniture
43%
paper
43%
necklace
36%
built
32%
Aucun quiz correspondant
Distribution des résultats
% des personnes avec chaque résultat
Percentile par nombre de réponses
Votre historique - résultats
Vous n’avez pas pris ce quiz